000 00336nam a2200133Ia 4500
005 20260328101530.0
008 260328s9999||||xx |||||||||||||| ||und||
100 _aWong, Wucius
245 0 _aPrinciples of form and Design /
_cWucius Wong
260 _bJonh Wiley
300 _a352 p.
650 _aARQUITECTURA - ELEMENTOS
942 _cBK
999 _c9939
_d9939